000
003080000a22001330004500
003
MACL
040
_a
MACL
090
_c
34080
_d
34078
100
_a
Kates, N
245
_a
The Stories of Shakespeare's Plays
_b
Volume 2
260
_b
Oxford University Press
_c
1977
650
_a
Stories
942
_c
BOOK
_k
823/KAT
999
_c
33720
_d
33720